000 00486nam a2200193Ia 4500
003 GCL
008 140319s9999 xx 000 0 eng d
040 _aGCL /
_cGCL
082 0 4 _a731.42
_bC H
100 1 _aCARLSON, MAUREEN
245 1 0 _aHOW TO MAKE CLAY CHARACTERS /
_cCARLSON, MAUREEN
260 _a[S.N] :
_bNORTH LIGHT BOOKS ،
_c1997
300 _a128 P
650 0 4 _aحسن فتحى
650 0 4 _aARTS
650 0 4 _aCLAY
650 0 4 _aPOLYMERCLAY CRAFT
942 _2ddc
_cBK
999 _c15697
_d15697